000 00592nam a2200181Ia 4500
003 IN-BaIIA
008 211028s9999 xx 000 0 eng d
020 _a978-0-387-09746-6
040 _cIIA Library
080 _a523.34:629.78
_bSEE
100 _aSeedhouse, Erik
_933061
245 0 _aLunar outpost
_bthe challenges of establishing a human settlement on the moon
_cErik Seedhouse
260 _aChichester
_bSpringer
_c2009
300 _axxxvi, 292p.
650 _aLunar outpost
_933062
650 _aMoon-Human settelment
_933063
942 _cBK
999 _c17497
_d17497